Statistics for Youngblood - 5 Seconds of Summer (All Lyrics)

Click here to take the quiz!

General Stats

  • This quiz has been taken 1,824 times
  • The average score is 348 of 412

Answer Stats

Lyrics% Correct
you,
100%
you.
100%
You
100%
you
100%
you
100%
I
99%
me
98%
me,
98%
a
97%
to
97%
When
97%
Youngblood.
96%
the
94%
want
94%
your
94%
I'm
91%
just
90%
of
90%
of
90%
Say
90%
say
90%
tonight.
90%
life.
89%
man
89%
need
89%
dead
88%
And
87%
and
87%
walking
87%
who
86%
yeah
86%
Yeah,
86%
yeah.
86%
Yeah,
86%
it.
85%
it,
85%
love
85%
day
84%
in
84%
out
84%
Remember
84%
my
83%
time.
83%
All
82%
All
82%
die.
82%
told
82%
call
81%
'til
81%
'Cause
80%
'cause
80%
take.
80%
take,
80%
take.
80%
take
80%
take,
80%
baby,
79%
us
78%
words
78%
you're
78%
You're
78%
away
77%
away.
77%
back
77%
calling
76%
from
76%
now
76%
push
76%
by
75%
name.
75%
give
73%
used
72%
believe
71%
mine.
70%
pulling
70%
Pulling
70%
But
69%
made
69%
at
68%
everything
67%
So
67%
crawling
66%
game.
64%
one
64%
one,
64%
beat
62%
own
62%
damn
60%
Surrender
60%
see
58%
know
57%
place.
56%
Takes
56%
too
56%
nobody
54%
times.
54%
could
53%
face.
53%
hundred
53%
last
52%
drunk
51%
goodbye.
51%
hope
51%
like
51%
looking
51%
about
50%
gets
49%
it's
49%
strangers,
49%
those
49%
calls
48%
conversations
47%
god
47%
been
46%
running
46%
Running
46%
end
45%
our
43%
Lately
38%
around
30%

Score Distribution

Percentile by Number Answered

Percent of People with Each Score

Your Score History

You have not taken this quiz